000 00448pab a2200157 454500
008 180718b1987 xxu||||| |||| 00| 0 eng d
100 _aSapir, Andre
245 _aIndia's export of manufactures to the European community
_bRecent performance and constraints
260 _c1987
300 _a379-98
362 _aDec.
650 _aForeign Commerce - India
700 _aChristopher Stevens
773 _aDevelopment Policy Review
909 _a8712
999 _c8712
_d8712